| 000 | 00458nam a2200145Ia 4500 | ||
|---|---|---|---|
| 008 | 151021s9999 xx 000 0 und d | ||
| 050 | _aHD38 .H335 1968 | ||
| 245 | _a_Orgarnizational behaviour and the practice of management David R.Hampton | ||
| 260 | _aIllinois Scott,Foresman and company 1968 | ||
| 300 | _a758p. | ||
| 500 | _aIncludes index. | ||
| 500 | _aIncludes index. | ||
| 700 | _a_Charles E.Summer | ||
| 980 | _a^d20140213 01:37:24^omwanik | ||
| 999 |
_c13554 _d13554 |
||